00546nam a22001577a 4500020001500000040000900015082001700024100002600041245005800067250001700125260004300142650006600185942001200251999001900263952010600282 a9814126837 cNust a624.171bCON aRobert D. Cook913493 aConcepts and Applications of Finite Element Analysis  a4th Edition  aUSA:bJohn Willey and sons Inc,c2001. aConcepts and Applications of Finite Element Analysis 9124890 2ddccBK c611500d611500 00102ddc4070aCEMEbCEMEcGENd2024-09-12l0o624.171 CONpCEME- 38900r2024-09-12w2024-09-12yBK